| 000 | 00788nam a2200205Ia 4500 | ||
|---|---|---|---|
| 999 |
_c40080 _d40080 |
||
| 001 | 6686 | ||
| 003 | GE_BSU | ||
| 005 | 20190624153841.0 | ||
| 008 | 181216s1962||||ge |||||||||||||| ||geo|| | ||
| 041 | _ageo | ||
| 080 | _a621.313.32 მ-44 | ||
| 100 |
_aმახარაძე, გ. _92829 |
||
| 245 |
_aსინქრონული მანქანები / _cგ. მახარაძე ; რედ : გ. სეხნიაშვილი. |
||
| 264 |
_aთბილისი : _bსპი, _c1962. |
||
| 300 |
_a428 გვ .: _bილ ; _c22 სმ. |
||
| 653 | _aსინქრონული მანქანები | ||
| 653 | _aტექნიკა | ||
| 700 |
_aსეხნიაშვილი, გ _eრედაქტორი _92830 |
||
| 942 |
_cBK _2udc |
||